000
00337nam a2200133Ia 4500
008
240624s9999 xx 000 0 und d
041
_a
eng
082
_a
420 SIN
100
_a
SINGH ISHTLA
245
_a
HISTORY OF ENGLISH A STUDENT S GUIDE
260
_c
2016
_a
New Delhi
_b
Routledge
300
_a
xii, 226 p.; 22 cm.
365
_c
RS
_b
31
999
_c
29516
_d
29516